Deutsche Musiker nach Buchstabe - Q & X & Y - Statistiken

Allgemein
  • Dieses Quiz wurde 67 mal gespielt
  • Das Durchschnittsergebnis liegt bei 4 aus 20
Antwortstatistiken
Aktive Jahre Songs Antwort % Korrekt
2010-2015 Halt dein Maul | Der letzte Sommer Y-Titty
56%
2010- Strand | Lila Wolken Yasha
37%
2001- Nie wieder Fastlovend | Guten Morgen Barbarossaplatz Querbeat
36%
2007- Mama war der Mann im Haus | Iz da Xatar
34%
2011-2012 Schau nicht mehr zurück | Wage es zu glauben Xavas
31%
2008-2013 Too Young | Hello (Turn Your Radio On) Queensberry
27%
2001- Du hast den schönsten Arsch der Welt | Doktorspiele (mit Alex C) Y-ass
24%
2021- Sonnenbank.mp3 | Ketamin Yakary
22%
2012- Do You Like What You See | You Got Me Quainoo, Ivy
19%
2021- Tabu. | Du Yung Yury
15%
2013- Supergirl | Samba Younotus
14%
1970- Wir lassen uns das Singen nicht verbieten | Das Haus am Meer York, Tina
12%
1962-1999 Motorbiene | Hallo Josephine Quick, Benny
7%
1995- A Neverending Dream | Magic Fields X-Perience
7%
1999-2009 Fiesta de la noche (The Sailor Dance) | Sing Hallelujah Yamboo
7%
1997- Walk On By | Wannabe Your Lover Young Deenay
7%
2010- Head Shoulders Knees & Toes | You Will See Quarterhead
5%
1980-1990 Incubus Succubus II | Polarlicht Xmal Deutschland
5%
2017- Randale | Ziel Halal Yonii
3%
1994-1997, 1999- Nightfall | Valentine Xandria
2%
Keine übereinstimmenden Quizze gefunden
Verteilung der Resultate
Anzahl Personen mit jedem Resultat
Perzentil nach korrekt beantworteten Fragen
Ihre Resultats-Entwicklung
Sie haben dieses Quiz noch nicht gespielt